000
00467nam a2200133Ia 4500
008
100328s9999 xx 000 0 und d
082
_b
12094
100
_a
सरदार गंगाधर बाळकृष्ण
245
_a
महाराष्ट्र-जीवन
260
_b
जोशी आणि लोखंडे
630
_a
महाराष्ट्र-जीवन
730
_a
महाराष्ट्र-जीवन
942
_c
BOOK
999
_c
507381
_d
507378